Mobilita pre generáciu Alpha

Saved in:
Bibliographic Details
Main Author: Mitko, Ondrej (Author)
Other Authors: Lipková, Michala (Thesis advisor)
Format: Manuscript Book
Language:Slovak
Published: Bratislava 2020
Subjects:
Online Access:http://is.stuba.sk/zp/portal_zp.pl?podrobnosti=139086
Tags: Add Tag
No Tags, Be the first to tag this record!

MARC

LEADER 00000ntm a22000003a 4500
001 stuzp80123
003 SK-STU
005 20200811122159.7
007 ta
008 150427s2015----xo-----f-mn---000-0-slo-d
040 |a STU  |b slo 
041 0 |a slo 
100 1 |a Mitko, Ondrej  |u 059190  |4 aut  |U FAD Fakulta architektúry  |T FA Ústav dizajnu  |X 88138  |U A9190  |Y 400  |7 88138 
242 0 1 |a Mobility for Generation Alpha  |y eng 
245 1 0 |a Mobilita pre generáciu Alpha 
260 |c 2020  |a Bratislava 
650 4 |a Interiérový dizajn  |2 slo 
650 4 |a Zdieľaná mobilita  |2 slo 
650 4 |a Generácia Alpha  |2 slo 
650 4 |a Ďiaľkové cestovanie  |2 slo 
650 4 |a Interior design  |2 eng 
650 4 |a Shared mobility  |2 eng 
650 4 |a Generation Alpha  |2 eng 
700 1 |a Lipková, Michala  |u 059190  |k Z1  |4 ths  |U FAD Fakulta architektúry  |T FA Ústav dizajnu  |X 15371  |U A9190  |Y 400  |7 A000015371 
856 4 |u http://is.stuba.sk/zp/portal_zp.pl?podrobnosti=139086  |u https://opac.crzp.sk/?fn=detailBiblioForm&sid=2C8AB4190B6536A9D686197B1CEB